000 00815nam a2200253Ia 4500
003 OSt
005 20221005091108.0
006 a|||||r|||| 00| 0
007 ta
008 221004b |||||||| |||| 00| 0 eng d
020 _a9780195335231 (hbk)
_c4185.60
024 _a1776
037 _b35501, 10/08/2012, Segment Book Distributors
_cTextual
040 _aCRL
_cCRL
_beng
041 _2eng
_aeng
082 _aLC.21, P9
100 _aWeiss Richard S.
_9247831
245 0 _aRecipes for immortality
_b Medicine religion and community in South India
260 _aNew York
_bOxford University Press U.S.A
_c2009
300 _aix, 260p.
_ccm.
650 _aMEDICINE
942 _hLC.21, P9
_cTEXL
_2cc
999 _c996795
_d996795